000
00433nam a2200157Ia 4500
008
100122s9999 xx 000 0 und d
082
_b
71882
_a
823.08
100
_a
किणीकर रॉय
245
_a
कोनार्क
250
_a
0
260
_b
डायमंड पब्लिकेशन्स
_c
2007
300
_a
123
630
_a
कोनार्क
730
_a
कोनार्क
942
_c
BOOK
999
_c
442319
_d
442316